00256nam a2200109Ia 4500003000400000005001700004008004100021020001800062040002000080100001100100245003500111OSt20240106111551.0170523s9999 xx 000 0 und d a9788131203699 cIIMT UNIVERSITY aDAS- S 2aA Concise text book of Surgery